000
00329nam a2200145Ia 4500
005
20251222141909.0
008
251222s9999||||xx |||||||||||||| ||spa||
020
_a
8427704100
082
_a
248.482/V28
100
_a
Vanier, Jean
245
0
_a
Comunidad:
250
_a
2da.ed.
264
_b
NARCEA S.A. EDICIONES
942
_c
LIB
999
_c
8322
_d
8322